Vista normal
Vista MARC
Entrada Materia (personas)
Número de registros utilizados en: 1
001 - CONTROL NUMBER
- control field: 80829
003 - CONTROL NUMBER IDENTIFIER
- control field: Co-BoUCM
005 - DATE AND TIME OF LATEST TRANSACTION
- control field: 20161005093640.0
008 - FIXED-LENGTH DATA ELEMENTS
- fixed length control field: 161005|| aca||aabn | a|a d
040 ## - CATALOGING SOURCE
- Original cataloging agency: Co-BoUCM
- Transcribing agency: Co-BoUCM
100 ## - HEADING--PERSONAL NAME
- Personal name: Myss, Caroline M.
670 ## - SOURCE DATA FOUND
- Source citation: Work cat.: (Co-BoUCM)304305: Myss, Caroline M., Desafiar la gravedad /, 2012.